Bodies of Water from Odessa to the Ocean - Statistics

General Stats
  • This quiz has been taken 209 times
    198 since last reset
  • The average score is 7 of 10
Answer Stats
Body of Water % Correct
{Black} Sea
99%
{Atlantic} Ocean
90%
{Mediterranean} Sea
89%
{Aegean} Sea
86%
Strait of {Gibraltar}
86%
Sea of {Marmara}
73%
The {Bosporus}
68%
{Ionian} Sea
61%
The {Dardanelles}
60%
{Alboran} Sea
36%
No matching quizzes found
Score Distribution
Percent of People with Each Score
Percentile by Number Answered
Your Score History
You have not taken this quiz since the last reset